| 000 | 00880nam a22002297a 4500 | ||
|---|---|---|---|
| 999 |
_c153608 _d153608 |
||
| 005 | 20190330164649.0 | ||
| 010 | _aENG-123402 B-719511 | ||
| 020 |
_a9788121906289 _c650.00 |
||
| 035 | _aEN-106934 | ||
| 035 | _aB-719511 | ||
| 037 | _bDBAD/PUB | ||
| 082 | _a621 | ||
| 100 | _aKhurmi, R.S. | ||
| 245 |
_aMechanical engineering: _cby R.S.Khurmi [and] J.K.Gupta _bconventional and objective type / |
||
| 260 |
_aNew Delhi _bS.Chand _c2018 |
||
| 270 |
_a7361, Ram Nagar _bNew Delhi _e110055 |
||
| 300 |
_axi, 842p.: _bill. _c24cm(pbk) |
||
| 500 | _aIt includes index and 5000+ objective questions with hints | ||
| 700 | _aGupta, J.K. | ||
| 942 |
_2ddc _cEN _mKHU _h621 |
||